The fading goal of gender equality: three policy directions that underpin the resilience of gendered socio-economic inequalities/
שמור ב:
| מחבר ראשי: | |
|---|---|
| פורמט: | ספר |
| שפה: | English |
| תגים: |
הוספת תג
אין תגיות, היה/י הראשונ/ה לתייג את הרשומה!
|
MARC
| LEADER | 00000nam a22000007a 4500 | ||
|---|---|---|---|
| 003 | cru CIDCACS/IIS | ||
| 005 | 20180119153658.0 | ||
| 007 | ta | ||
| 008 | 180118s2015 -uk|||p|r||||||0| ||eng | | ||
| 999 | |c 40838 |d 40838 | ||
| 040 | |c cru CIDCACS/IIS | ||
| 100 | 1 | |9 6409 |a Jenson, Jane | |
| 245 | 1 | |a The fading goal of gender equality: |b three policy directions that underpin the resilience of gendered socio-economic inequalities/ |c Jane Jenson | |
| 300 | |a páginas 539-560 | ||
| 773 | 0 | |0 40836 |9 1744 |d Reino Unido : Oxford University Press |o 18367 |t Social Politics: |x 10724745 | |
| 942 | |2 ddc |c PP | ||
